ბათუმის შოთა რუსთაველის სახელმწიფო უნივერსიტეტის ბიბლიოთეკა

ჩანაწერი Corporate Name

ჩანაწერთა რაოდენობა, რომელიც გამოყენებულია: 1

001 - CONTROL NUMBER

  • control field: 789

003 - CONTROL NUMBER IDENTIFIER

  • control field: GE_BSU

005 - DATE AND TIME OF LATEST TRANSACTION

  • control field: 20190506142523.0

008 - FIXED-LENGTH DATA ELEMENTS

  • fixed length control field: 190506|| aca||aabn | a|a d

040 ## - CATALOGING SOURCE

  • Original cataloging agency: GE_BSU
  • Transcribing agency: GE_BSU

110 ## - HEADING--CORPORATE NAME

  • Corporate name or jurisdiction name as entry element: საქ.რესპ ეკონ.სამ–სთან არსებ.ეკონ. და სოც. პრობლ. ის სამეცნ.–კვლე ინ–ტი.; სასწ–ეკონ. ინ–ტი.

670 ## - SOURCE DATA FOUND

  • Source citation: Work cat.: (GE_BSU)36850: სტენლეიკი, ჯ. ფ 784, ეკონომიკსი დამწყებთათვის /